Regionalizácia cestovného ruchu v Slovenskej republike

Saved in:
Bibliographic Details
Format: Book
Language:Slovak
Published: Bratislava Ministerstvo hospodárstva SR, odbor cestovného ruchu 2005
Subjects:
Tags: Add Tag
No Tags, Be the first to tag this record!

MARC

LEADER 00000nam$a2200000$$$4500
001 0036152
005 20240318125807.6
041 0 |a slo 
044 |a SK 
245 1 0 |a Regionalizácia cestovného ruchu v Slovenskej republike  |c spracoval: Ústav turizmu, s.r.o. v spolupráci s Aurex, s.r.o. 
264 1 |a Bratislava  |b Ministerstvo hospodárstva SR, odbor cestovného ruchu  |c 2005 
300 |a 114 s. 
610 2 0 |a ruch cestovný 
610 2 0 |a regionalizácia 
610 2 0 |a regióny 
610 2 0 |a kategorizácia sídel 
610 2 0 |a rozvoj regionálny 
610 2 0 |a turistika 
610 2 0 |a Slovensko